000 00590nam a2200229 a 4500
001 nice12345678
003 IN_TiNIC
005 20260116014855.0
008 111005s2011 dela grp 000 0 eng
020 _a9788170185864
_c695
082 0 0 _a306.0899145
_bROY1
100 _aRoy, Shibani
245 _aTribal Customary Laws of North-East India
260 _aDelhi
_bB.R.Publishing Corporation
_c2011
300 _a204p
500 _aincludes index and biblioraphy
505 2 _aIndex
650 _aTribes-India-North East
902 _bSRS
942 _cBK
999 _c17363
_d17363